000 00798nam a2200229Ii 4500
003 JO-AjNU
008 230605s9999||||xx |||||||||||||| ||und||
017 _a2008/12/4199
020 _a9957-16-494-2
040 _aJO-AjNU
_bara
_erda
_cJO-AjNU
041 _aara
050 1 4 _aK5123.S354.2011
100 3 _aالسعيد، كامل ,
_eauthor
_931734
245 0 0 _aشرح الأحكام العامة في قانون العقوبات " دراسة مقارنة "
250 _aط2
264 3 1 _aعمان : دار الثقافة ، 2011
300 _a672ص
336 _atext
_btxt
_2rdacontent
337 _aunmediated
_bn
_2rdamedia
338 _avolume
_bnc
_2rdacarrier
650 4 _aالقانون الجنائي - قانون العقوبات - المسؤولية الجنائية
_931735
999 _aA12726
_c16294
_d16294